00715nam a2200253Ia 450000500170000000800460001702000180006303700100008104000080009104000080009904000080010704100080011504100080012308400080013110000300013924500480016926000080021726000090022565000440023485600610027894200100033999900210034995200910037020260306172721.0008 260114s9999 xx 000 0 eng d a9789354437120 aEBOOK aCRL beng cCRL 2eng aeng qCRL aSharma, Vinod K.91116450 0aMatrix Methods And Vector Spaces In Physics bPHI c2009 aFaculty of Technology/ Physics91131221 uhttps://elibrary.phindia.com/ebooks/reader/9789354437120 cEBOOK c1714879d1714879 00104070aCRLbCRLd2026-03-06l0pCL1973040r2026-03-06 17:27:21w2026-03-06yEBOOK